[Event "HUN-chT2 Asztalos 1819"]
[Site "Hungary"]
[Date "2018.11.18"]
[Round "2.3"]
[White "Babits, Andras"]
[Black "Katona, Ferenc"]
[Result "1/2-1/2"]
[WhiteElo "2091"]
[BlackElo "2167"]
[PlyCount "76"]
[EventDate "2018.10.28"]
[EventType "team-tourn"]
[EventRounds "9"]
[EventCountry "HUN"]
[SourceTitle "CBM 189 Extra"]
[Source "ChessBase"]
[SourceDate "2019.06.03"]
[SourceVersion "1"]
[SourceVersionDate "2019.06.03"]
[SourceQuality "1"]
[WhiteTeam "Marcali"]
[BlackTeam "Kiraly Sakk"]
[WhiteTeamCountry "HUN"]
[BlackTeamCountry "HUN"]

1. e4 e5 2. Nc3 Bb4 3. Nge2 Nf6 4. g3 d5 5. exd5 Nxd5 6. Bg2 c6 7. 0-0 Bg4 8. h3 Bh5 9. Nxd5 cxd5 10. c3 Be7 11. g4 Bg6 12. d4 h5 13. dxe5 hxg4 14. Qxd5 Nc6 15. Qxd8+ Rxd8 16. Bxc6+ bxc6 17. Be3 Bd3 18. Rfe1 gxh3 19. Kh2 c5 20. Nf4 Be4 21. Rad1 Bf3 22. Rxd8+ Kxd8 23. Rg1 g5 24. Nd3 g4 25. Nxc5 f6 26. Ne6+ Kd7 27. Nd4 fxe5 28. Nxf3 gxf3 29. Rg4 Ke6 30. b4 Kf5 31. Rg1 e4 32. Rd1 Rc8 33. Rd5+ Ke6 34. Rd4 Bd6+ 35. Kxh3 Rh8+ 36. Kg4 Rg8+ 37. Bg5 Ke5 38. Kh4 Rh8+ 1/2-1/2

[Event "HUN-chT2 Asztalos 1718"]
[Site "Hungary"]
[Date "2017.10.29"]
[Round "1.2"]
[White "Hovorka, Tamas"]
[Black "Katona, Ferenc"]
[Result "0-1"]
[WhiteElo "2080"]
[BlackElo "2196"]
[PlyCount "82"]
[EventDate "2017.10.29"]
[EventType "team-tourn"]
[EventRounds "9"]
[EventCountry "HUN"]
[SourceTitle "EXT 2021"]
[Source "ChessBase"]
[SourceDate "2020.10.23"]
[SourceVersion "1"]
[SourceVersionDate "2020.10.23"]
[SourceQuality "1"]
[WhiteTeam "Pecs Karmin"]
[BlackTeam "Kiraly Sakk"]
[WhiteTeamCountry "HUN"]
[BlackTeamCountry "HUN"]

1. d4 d5 2. Nf3 f5 3. g3 Nf6 4. Bg2 e6 5. c4 c6 6. Nc3 Bd6 7. Bg5 h6 8. Bxf6 Qxf6 9. e3 Nd7 10. c5 Bc7 11. Nh4 0-0 12. f4 b6 13. cxb6 axb6 14. 0-0 Ba6 15. Rf2 c5 16. Qa4 cxd4 17. Nxd5 exd5 18. Bxd5+ Kh7 19. Bxa8 dxe3 20. Qxa6 exf2+ 21. Kg2 Qxb2 22. Rf1 Nc5 23. Qa7 Nd3 24. Bf3 Bd8 25. Kh3 Ne1 26. Qb7 Bxh4 27. Kxh4 Qf6+ 28. Kh3 Rf7 29. Qc6 g5 30. Qxf6 Rxf6 31. Bb7 Kg6 32. Rxf2 Kh5 33. g4+ fxg4+ 34. Kg3 Nd3 35. Rd2 gxf4+ 36. Kg2 f3+ 37. Kf1 Nf4 38. Kf2 Kg5 39. Ba6 h5 40. Rd8 Nh3+ 41. Kf1 Rc6 0-1

[Event "HUN-chT2 Asztalos 1617"]
[Site "Hungary"]
[Date "2017.01.29"]
[Round "7.2"]
[White "Babits, Andras"]
[Black "Katona, Ferenc"]
[Result "0-1"]
[WhiteElo "2075"]
[BlackElo "2173"]
[PlyCount "120"]
[EventDate "2016.09.25"]
[EventType "team-tourn"]
[EventRounds "11"]
[EventCountry "HUN"]
[SourceTitle "EXT 2021"]
[Source "ChessBase"]
[SourceDate "2020.10.23"]
[SourceVersion "1"]
[SourceVersionDate "2020.10.23"]
[SourceQuality "1"]
[WhiteTeam "Marcali"]
[BlackTeam "Kiraly Sakk"]
[WhiteTeamCountry "HUN"]
[BlackTeamCountry "HUN"]

1. e4 e5 2. Nf3 Nf6 3. Nc3 Bb4 4. Bc4 0-0 5. 0-0 d6 6. d3 Bg4 7. Bg5 Nbd7 8. Nd5 Bc5 9. b4 Bb6 10. Ne3 Bh5 11. c3 h6 12. Bh4 Qe8 13. Nf5 Kh7 14. Qd2 Ng8 15. Ne1 g6 16. Ne3 c6 17. f3 f5 18. Bf2 Rd8 19. a4 f4 20. Bxg8+ Rxg8 21. Nc4 Qe6 22. Nxb6 axb6 23. d4 g5 24. h3 Bf7 25. dxe5 dxe5 26. Rd1 h5 27. Qd6 Qxd6 28. Rxd6 Bc4 29. Nd3 Nb8 30. Rxd8 Rxd8 31. Nxe5 Bxf1 32. Kxf1 Rd1+ 33. Ke2 Rc1 34. Bxb6 Rxc3 35. Bd8 Rc2+ 36. Kf1 Rb2 37. Be7 Na6 38. Nd3 Rb1+ 39. Ke2 Kg6 40. h4 gxh4 41. b5 cxb5 42. axb5 Rxb5 43. Bxh4 Nc5 44. Nxf4+ Kf7 45. Be1 Ne6 46. Nd5 Rb2+ 47. Bd2 Nd4+ 48. Ke3 Nb3 49. Be1 Rxg2 50. Nf4 Rh2 51. Bg3 Rh1 52. Ng2 b5 53. Kf2 Nd4 54. Be5 Nc6 55. Bh8 b4 56. Ne1 b3 57. Nd3 Rd1 58. Nb2 Rd2+ 59. Kg3 Nd4 60. Nc4 Rc2 0-1

[Event "HUN-chT2 Asztalos 1617"]
[Site "Hungary"]
[Date "2016.11.13"]
[Round "4.2"]
[White "Katona, Ferenc"]
[Black "Mohacsi, Andras J"]
[Result "1/2-1/2"]
[WhiteElo "2173"]
[BlackElo "2191"]
[PlyCount "28"]
[EventDate "2016.09.25"]
[EventType "team-tourn"]
[EventRounds "11"]
[EventCountry "HUN"]
[SourceTitle "EXT 2021"]
[Source "ChessBase"]
[SourceDate "2020.10.23"]
[SourceVersion "1"]
[SourceVersionDate "2020.10.23"]
[SourceQuality "1"]
[WhiteTeam "Kiraly Sakk"]
[BlackTeam "Sarosd"]
[WhiteTeamCountry "HUN"]
[BlackTeamCountry "HUN"]

1. d4 Nf6 2. f4 d5 3. e3 c6 4. Bd3 Ne4 5. Nf3 e6 6. 0-0 Bd6 7. Ne5 0-0 8. c4 f6 9. Nf3 Nd7 10. Nc3 f5 11. Qb3 Kh8 12. g3 Ndf6 13. Kg2 Qe8 14. Ne5 b6 1/2-1/2

[Event "HUN-chT2 Asztalos 1516"]
[Site "Hungary"]
[Date "2016.03.20"]
[Round "9.2"]
[White "Katona, Ferenc"]
[Black "Papagorasz, Takisz"]
[Result "0-1"]
[WhiteElo "2190"]
[BlackElo "2138"]
[PlyCount "68"]
[EventDate "2015.09.13"]
[EventType "team-tourn"]
[EventRounds "11"]
[EventCountry "HUN"]
[SourceTitle "EXT 2017"]
[Source "ChessBase"]
[SourceDate "2016.10.25"]
[SourceVersion "1"]
[SourceVersionDate "2016.10.25"]
[SourceQuality "1"]
[WhiteTeam "Kiraly Sakk"]
[BlackTeam "Fehervar"]
[WhiteTeamCountry "HUN"]
[BlackTeamCountry "HUN"]

1. d4 d5 2. f4 Nf6 3. Nf3 g6 4. e3 Bg7 5. Bd3 Bf5 6. 0-0 Nbd7 7. Ne5 c6 8. c3 Qc7 9. Qc2 e6 10. Nd2 0-0 11. e4 dxe4 12. Nxe4 Nxe4 13. Bxe4 Rfd8 14. Bxf5 gxf5 15. Qe2 Nf6 16. Be3 b6 17. g4 fxg4 18. f5 Nd5 19. fxe6 f6 20. Nxg4 Re8 21. c4 Nxe3 22. Qxe3 Kh8 23. d5 cxd5 24. cxd5 Qc4 25. Qf3 Qd4+ 26. Kh1 Rad8 27. Rad1 Qxb2 28. Nxf6 Re7 29. Nh5 Qxa2 30. Nxg7 Rxg7 31. e7 Rdg8 32. d6 Rf7 33. Qc3+ Rfg7 34. Rg1 Qe6 0-1

[Event "HUN-chT2 Asztalos 1516"]
[Site "Hungary"]
[Date "2015.12.06"]
[Round "6.2"]
[White "Vidic, Stevan"]
[Black "Katona, Ferenc"]
[Result "1/2-1/2"]
[WhiteElo "2280"]
[BlackElo "2190"]
[PlyCount "26"]
[EventDate "2015.09.13"]
[EventType "team-tourn"]
[EventRounds "11"]
[EventCountry "HUN"]
[SourceTitle "CBM 170 Extra"]
[Source "ChessBase"]
[SourceDate "2016.02.25"]
[SourceVersion "1"]
[SourceVersionDate "2016.02.25"]
[SourceQuality "1"]
[WhiteTeam "Baja Spartacus"]
[BlackTeam "Kiraly Sakk"]
[WhiteTeamCountry "HUN"]
[BlackTeamCountry "HUN"]

1. d4 d5 2. Nf3 e6 3. c4 f5 4. g3 Nf6 5. Bg2 c6 6. 0-0 Bd6 7. Qb3 0-0 8. Bg5 h6 9. Bf4 g5 10. Bxd6 Qxd6 11. Nc3 Nbd7 12. c5 Qc7 13. Qc2 Kg7 1/2-1/2

[Event "HUN-chT2 Asztalos 1415"]
[Site "Hungary"]
[Date "2014.11.30"]
[Round "3.2"]
[White "Arbutina, Sinisa"]
[Black "Katona, Ferenc"]
[Result "1/2-1/2"]
[WhiteElo "2322"]
[BlackElo "2188"]
[PlyCount "100"]
[EventDate "2014.10.12"]
[EventType "team-tourn"]
[EventRounds "9"]
[EventCountry "HUN"]
[SourceTitle "EXT 2016"]
[Source "ChessBase"]
[SourceDate "2015.10.08"]
[SourceVersion "1"]
[SourceVersionDate "2015.10.08"]
[SourceQuality "1"]
[WhiteTeam "Baja Spartacus"]
[BlackTeam "Dunaujvaros"]
[WhiteTeamCountry "HUN"]
[BlackTeamCountry "HUN"]

1. d4 d5 2. c4 e6 3. Nf3 c6 4. Bf4 f5 5. g3 Nf6 6. Bg2 Bd6 7. 0-0 0-0 8. Qb3 Bxf4 9. gxf4 Nbd7 10. cxd5 exd5 11. Na3 Ne4 12. Nc2 Qe8 13. Nb4 Ndf6 14. Nd3 Qh5 15. Qd1 h6 16. Nfe5 Kh7 17. e3 Qh4 18. f3 Nd6 19. Qe1 Qh5 20. Qg3 Rg8 21. Kh1 g5 22. fxg5 Qxg5 23. Qf2 Be6 24. Rg1 Nh5 25. Nc5 Qe7 26. Bh3 Rg5 27. Rxg5 hxg5 28. Rg1 Rg8 29. Qc2 Bc8 30. Ncd3 Kh6 31. Qc5 Rg7 32. Nf2 Kh7 33. Qc2 Kh8 34. b3 Qf6 35. Qe2 Rh7 36. Rg2 Qh6 37. Kg1 Nf6 38. Qd3 Rg7 39. Qc3 g4 40. fxg4 Nfe4 41. g5 Qh5 42. Qb4 Nxf2 43. Rxf2 Qxh3 44. g6 Rd7 45. Rf3 Qh4 46. Kg2 Kg8 47. Nxd7 Qg4+ 48. Rg3 Qe2+ 49. Kg1 Qd1+ 50. Kg2 Qe2+ 1/2-1/2

[Event "HUN-chT2 Asztalos 1314"]
[Site "Hungary"]
[Date "2014.03.23"]
[Round "7"]
[White "Arbutina, Sinisa"]
[Black "Katona, Ferenc"]
[Result "1/2-1/2"]
[WhiteElo "2281"]
[BlackElo "2244"]
[PlyCount "92"]
[EventDate "2013.09.08"]
[EventType "team-tourn"]
[EventRounds "9"]
[EventCountry "HUN"]
[SourceTitle "EXT 2016"]
[Source "ChessBase"]
[SourceDate "2015.10.08"]
[SourceVersion "1"]
[SourceVersionDate "2015.10.08"]
[SourceQuality "1"]
[WhiteTeam "Baja"]
[BlackTeam "Kiraly Sakk"]
[WhiteTeamCountry "HUN"]
[BlackTeamCountry "HUN"]

1. d4 d5 2. c4 e6 3. Nf3 f5 4. g3 Nf6 5. Bg2 c6 6. 0-0 Bd6 7. Bf4 0-0 8. Nbd2 Ne4 9. Rc1 h6 10. e3 Kh7 11. Bxd6 Qxd6 12. Ne5 Nxd2 13. Qxd2 Nd7 14. f4 Qe7 15. h3 Nxe5 16. dxe5 b6 17. cxd5 cxd5 18. Rc3 Bb7 19. Rfc1 Rac8 20. Bf1 Qd7 21. Qd4 Rxc3 22. Rxc3 Rc8 23. Kf2 h5 24. Ke2 g6 25. Ke1 Kg7 26. Kd2 Rxc3 27. Qxc3 Kf7 28. Qd4 Qc6 29. Qb4 a6 30. Qa3 a5 31. b4 axb4 32. Qxb4 Qc5 33. a3 Bc6 34. Qb2 Ke7 35. Bd3 Kf7 36. g4 hxg4 37. hxg4 Ke7 38. gxf5 gxf5 39. Ke2 Be8 40. Kf2 Kd8 41. Be2 Kc7 42. Qb3 Bd7 43. Qd3 Bc6 44. Bf1 Bd7 45. Kg3 Bc6 46. Kf2 Bd7 1/2-1/2

[Event "Budapest Art Pub Cup 3rd"]
[Site "Budapest"]
[Date "2014.01.02"]
[Round "1"]
[White "Katona, Ferenc"]
[Black "Palinkas, Ervin"]
[Result "1-0"]
[WhiteElo "2234"]
[BlackElo "1719"]
[PlyCount "30"]
[EventDate "2014.01.02"]
[EventType "swiss"]
[EventRounds "7"]
[EventCountry "HUN"]
[SourceTitle "CBM 158 Extra"]
[Source "ChessBase"]
[SourceDate "2014.02.28"]
[SourceVersion "1"]
[SourceVersionDate "2014.02.28"]
[SourceQuality "1"]

1. e4 d6 2. d4 g6 3. f4 Bg7 4. c3 e5 5. dxe5 dxe5 6. Qxd8+ Kxd8 7. fxe5 Bxe5 8. Nf3 Nc6 9. Bb5 Nge7 10. Bg5 f6 11. Bxc6 Nxc6 12. Nxe5 fxg5 13. Nf7+ Ke7 14. Nxh8 Be6 15. Nxg6+ hxg6 1-0

[Event "HUN-chT2 Asztalos 1112"]
[Site "Hungary"]
[Date "2011.10.30"]
[Round "2.1"]
[White "Veress, Robert"]
[Black "Katona, Ferenc"]
[Result "1-0"]
[WhiteElo "2235"]
[BlackElo "2253"]
[PlyCount "99"]
[EventDate "2011.09.25"]
[EventType "team-tourn"]
[EventRounds "11"]
[EventCountry "HUN"]
[SourceTitle "EXT 2013"]
[Source "ChessBase"]
[SourceDate "2012.11.22"]
[SourceVersion "1"]
[SourceVersionDate "2012.11.22"]
[SourceQuality "1"]
[WhiteTeam "Kaposvar Bastya"]
[BlackTeam "Dunaujvaros"]
[WhiteTeamCountry "HUN"]
[BlackTeamCountry "HUN"]

1. d4 f5 2. g3 d5 3. Bg2 e6 4. Nf3 Nf6 5. c4 c6 6. 0-0 Bd6 7. Qc2 0-0 8. b3 Qe8 9. Ba3 Bxa3 10. Nxa3 Qh5 11. b4 a6 12. Nb1 f4 13. gxf4 Ng4 14. e3 e5 15. h3 Nh6 16. Nxe5 Bxh3 17. Qd1 Qh4 18. cxd5 Bxg2 19. Kxg2 cxd5 20. Rh1 Qe7 21. Qb3 Nc6 22. Qxd5+ Kh8 23. a3 Rad8 24. Nxc6 bxc6 25. Qe5 Qd7 26. Nc3 Qg4+ 27. Kf1 Rde8 28. Qh5 Qe6 29. Rc1 Rf5 30. Qf3 Qc4+ 31. Ne2 Qa2 32. Qxc6 Rff8 33. Qxa6 Rf6 34. Qb5 Ref8 35. Qd3 Qe6 36. Ng3 Qg4 37. Qe2 Qe6 38. Qh5 Qa6+ 39. b5 Qxa3 40. Qc5 Qd3+ 41. Kg2 Nf5 42. Qc4 Nxe3+ 43. fxe3 Qxe3 44. Qc3 Qxf4 45. Rhf1 Qg5 46. Rxf6 gxf6 47. b6 h5 48. Qc5 Qd2+ 49. Kh3 Kg8 50. Qd5+ 1-0

[Event "HUN-chT2 Asztalos 1011"]
[Site "Hungary"]
[Date "2010.09.12"]
[Round "1.2"]
[White "Katona, Ferenc"]
[Black "Arato, Bela"]
[Result "1-0"]
[WhiteElo "2253"]
[BlackElo "2122"]
[PlyCount "49"]
[EventDate "2010.09.12"]
[EventType "team-tourn"]
[EventRounds "11"]
[EventCountry "HUN"]
[SourceTitle "EXT 2012"]
[Source "ChessBase"]
[SourceDate "2011.11.24"]
[SourceVersion "1"]
[SourceVersionDate "2011.11.24"]
[SourceQuality "1"]
[WhiteTeam "Dunajvaros"]
[BlackTeam "Mohacs"]
[WhiteTeamCountry "HUN"]
[BlackTeamCountry "HUN"]

1. e4 c5 2. Nf3 g6 3. d4 cxd4 4. c3 Nf6 5. e5 Ne4 6. Qxd4 f5 7. e6 Rg8 8. Bb5 Nc6 9. exd7+ Bxd7 10. Qc4 e6 11. Bxc6 bxc6 12. 0-0 Bd6 13. Nbd2 Nxd2 14. Bxd2 g5 15. Rfe1 Rg6 16. Rad1 g4 17. Nd4 Qf6 18. Nxc6 Bxc6 19. Qxc6+ Kf7 20. Qxa8 f4 21. Bc1 Bc5 22. Qb7+ Kg8 23. Qb8+ Kg7 24. Bxf4 g3 25. hxg3 1-0